Normal view
MARC view
Entry Personal Name
001 - CONTROL NUMBER
- control field: 69125
003 - CONTROL NUMBER IDENTIFIER
- control field: dpl
005 - DATE AND TIME OF LATEST TRANSACTION
- control field: 20240731125454.0
008 - FIXED-LENGTH DATA ELEMENTS
- fixed length control field: 240731|| aca||aabn | a|a d
040 ## - CATALOGING SOURCE
- Original cataloging agency: dpl
- Transcribing agency: dpl
100 ## - HEADING--PERSONAL NAME
- Personal name: Farhathulla, T M
670 ## - SOURCE DATA FOUND
- Source citation: Work cat.: (dpl)204661: Farhathulla, T M, A Course in Speaking and Listening For Colleges/ , 2019
